000 00992nam a22002897a 4500
001 BR8201517
003 BR-BrBNA
005 20230928091255.0
007 ta
008 230509b bl.||||| |||| 00| 0 por d
040 _aBR-BrBNA
_bpor
_cBiblioteca Nacional de Agricultura
041 _a(Por)
072 _aF60
_b2320
090 _ 2320 BR8201517
100 1 _aRamos, J.V.
110 1 _aEscola Superior de Agricultura Luiz de Queiroz, Piracicaba, SP (Brasil)
_0Tese (Mestre em Fitotecnia)
245 1 _aDesenvolvimento do sistema radicular da pimenta-do-reino (Piper nigrum L.)em plantas com diferentes idades
246 1 _aDevelopment of the black pepper radicular system (Piper nigrum L.)in plants with different ages
260 3 _aPiracicaba, SP (Brasil):
_c1982.
300 _a72 p.
500 _a15 tables; 37 ref.; Summaries (Eng, Por)
650 _aPIMENTA DO REINO
650 _aRAIZ
650 _aENRAIZAMENTO
909 _a202309
_bLucia
_c55
_dLucia Elande
942 _cBK
999 _c33150
_d33150